Enteque et description des langues a tradition orale
Gardado en:
| Formato: | Libro |
|---|---|
| Idioma: | francés |
| Publicado: |
París
Selaf
1971
|
| Subjects: | |
| Tags: |
Engadir etiqueta
Sen Etiquetas, Sexa o primeiro en etiquetar este rexistro!
|
MARC
| LEADER | 00000nam a2200000 a 4500 | ||
|---|---|---|---|
| 001 | UCI2244 | ||
| 003 | CL-VaPUC | ||
| 008 | 070810e19710000FR |||||||||||||||||fre|d | ||
| 082 | 0 | 4 | |a 410 |b ENT |2 21 |
| 245 | 1 | 0 | |a Enteque et description des langues a tradition orale |
| 300 | |a v | ||
| 942 | |c BK | ||
| 945 | |d 20070810 00:00:00 |a jtorresc | ||
| 260 | |a París |b Selaf |c 1971 | ||
| 500 | |a v.1: Introduction | ||
| 500 | |a v.2: Questionnaires grammaticaux | ||
| 500 | |a v.3: Phrases | ||
| 500 | |a v.4: Techniques | ||
| 500 | |a v.5: Questionnaires thematiques | ||
| 650 | 0 | |a Lingüística |9 265068 | |
| 650 | 0 | |a Lenguaje y lenguas |9 265846 | |
| 650 | 0 | |a Gramática |9 270497 | |
| 583 | |a last modification |c 20111003 05:24:17 |k Rodrigo Vera | ||
| 999 | |c 326878 |d 326876 | ||
| 952 | |0 0 |1 0 |4 0 |6 410_000000000000000_ENT_1971 |7 0 |8 A |9 409058 |a BIBEDU |b BIBEDU |d 2019-11-22 |h v.1 |i 4270908 |o 410 ENT 1971 |p 4270908 |r 2019-11-22 |w 2019-11-22 |y BK |k LIT | ||
| 952 | |0 0 |1 0 |4 0 |6 410_000000000000000_ENT_1971 |7 0 |8 A |9 409059 |a BIBEDU |b BIBEDU |d 2019-11-22 |h v.2 |i 2109239 |o 410 ENT 1971 |p 2109239 |r 2019-11-22 |w 2019-11-22 |y BK |k LIT | ||
| 952 | |0 0 |1 0 |4 0 |6 410_000000000000000_ENT_1971 |7 0 |8 A |9 409060 |a BIBEDU |b BIBEDU |d 2019-11-22 |h v.3 |i 2109247 |o 410 ENT 1971 |p 2109247 |r 2019-11-22 |w 2019-11-22 |y BK |k LIT | ||
| 952 | |0 0 |1 0 |4 0 |6 410_000000000000000_ENT_1971 |7 0 |8 A |9 409061 |a BIBEDU |b BIBEDU |d 2019-11-22 |h v.4 |i 2109255 |o 410 ENT 1971 |p 2109255 |r 2019-11-22 |w 2019-11-22 |y BK |k LIT | ||
| 952 | |0 0 |1 0 |4 0 |6 410_000000000000000_ENT_1971 |7 0 |8 A |9 409062 |a BIBEDU |b BIBEDU |d 2019-11-22 |h v.5 |i 2109263 |o 410 ENT 1971 |p 2109263 |r 2019-11-22 |w 2019-11-22 |y BK |k LIT | ||